00887nam a22002657a 45000010005000000030006000050050017000110080041000280200018000690400029000870500013001160820008001291000017001372450032001542600036001863000049002224900015002715050008002865200174002945210030004685210020004986500027005186500039005457000037005845477FISKH20250826145522.0241210b cb ||||| |||| 00| 0 eng d a9780545493390 aFISKHbengcFISKHdFISKH aT173.K45 a600 aKent, Peter  aTechnology /cby Peter Kent aNew York :bScholastic ;c2009. a48 pages : bcolor illustrations ;c26 cm .  aNavigators aZ  aDescribes the latest innovations in technology, including the fields of transportation, aeronautics, energy resources, graphic arts, and even roller coaster engineering.8 a1010 bLexile estimate 8 aZ bRaz-Plus  areferencevNon-fiction auniverse/solar systemvNon-fiction aQuigley, Sebastianeillustrator